Państwa według długości geograficznej - Statystyki

Ogólne statystyki
  • Ten quiz został rozwiązany 126 razy
  • Średni wynik to 15 z 20
Statystyki odpowiedzi
Stopnie Państwo % Poprawnych
171,35 Rosja
100%
88,38 Kanada
97%
120,63 Stany Zjednoczone
97%
61,21 Chiny
93%
40,48 Australia
91%
45,15 Brazylia
90%
29,33 Indie
89%
31,67 Meksyk
85%
46,33 Indonezja
84%
37,5 Kazachstan
79%
31,93 Mongolia
79%
117,63 Francja
75%
19,82 Argentyna
71%
20,67 Algieria
70%
31,05 Japonia
64%
42,58 Norwegia
56%
20,67 Arabia Saudyjska
53%
20,23 Malezja
52%
40,25 Kiribati
36%
25,52 Mikronezja
31%
Nie znaleziono quizów pasujących do podanych kryteriów
Rozkład punktacji
Procent ludzi z każdym wynikiem
Percentyl według liczby udzielonych odpowiedzi
Twoja historia wyników
Nie rozwiązałeś tego quizu